|
|
|
|
| LEADER |
00000naa2a2200000 4500 |
| 001 |
604988 |
| 005 |
20260220104120.0 |
| 035 |
|
|
|a (RuTPU)RU\TPU\conf\2273
|
| 035 |
|
|
|a RU\TPU\conf\2272
|
| 090 |
|
|
|a 604988
|
| 100 |
|
|
|a 20140327d2013 k y0rusy50 ca
|
| 101 |
0 |
|
|a rus
|
| 102 |
|
|
|a RU
|
| 135 |
|
|
|a arnn ---uucaa
|
| 181 |
|
0 |
|a i
|
| 182 |
|
0 |
|a b
|
| 200 |
1 |
|
|a Обоснование выбора математической модели для расчета процесса сепарации тяжелых нефтей
|f Е. А. Будовая, Е. С. Хлебникова
|g науч. рук. Е. В. Бешагина, Н. В. Ушева
|
| 203 |
|
|
|a Текст
|c электронный
|
| 225 |
1 |
|
|a Современные технологии подготовки освоения и переработки минерального и углеводородного сырья
|v Моделирование процессов переработки углеводородного сырья
|
| 300 |
|
|
|a Заглавие с экрана
|
| 320 |
|
|
|a [Библиогр.: с. 114 (5 назв.)]
|
| 337 |
|
|
|a Adobe Reader
|
| 461 |
|
1 |
|0 (RuTPU)RU\TPU\conf\37
|t Проблемы геологии и освоения недр
|o труды XVII Международного симпозиума имени академика М. А. Усова студентов и молодых ученых, Томск, 1-5 апреля 2013 г.
|o в 2 т.
|f Национальный исследовательский Томский политехнический университет (ТПУ), Институт природных ресурсов (ИПР) ; Общество инженеров-нефтяников, Студенческий чаптер ; под ред. А. Ю. Дмитриева
|d 2013
|
| 463 |
|
1 |
|0 (RuTPU)RU\TPU\conf\39
|t Т. 2
|v [С. 112-114]
|d 2013
|
| 610 |
1 |
|
|a труды учёных ТПУ
|
| 610 |
1 |
|
|a электронный ресурс
|
| 610 |
1 |
|
|a математические модели
|
| 610 |
1 |
|
|a сепарация
|
| 610 |
1 |
|
|a тяжелые нефти
|
| 700 |
|
1 |
|a Будовая
|b Е. А.
|
| 701 |
|
1 |
|a Хлебникова
|b Е. С.
|c химик-технолог
|c ассистент кафедры Томского политехнического университета
|f 1990-
|g Елена Сергеевна
|3 (RuTPU)RU\TPU\pers\35825
|
| 702 |
|
1 |
|a Бешагина
|b Е. В.
|c химик-технолог
|c доцент Томского политехнического университета, кандидат химических наук
|f 1983-
|g Евгения Владимировна
|4 727
|
| 702 |
|
1 |
|a Ушева
|b Н. В.
|c химик-технолог
|c доцент Томского политехнического университета, кандидат химических наук
|f 1948-
|g Наталья Викторовна
|4 727
|
| 712 |
0 |
2 |
|a Национальный исследовательский Томский политехнический университет (ТПУ)
|b Институт природных ресурсов (ИПР)
|b Кафедра химической технологии топлива и химической кибернетики (ХТТ)
|3 (RuTPU)RU\TPU\col\18665
|
| 801 |
|
2 |
|a RU
|b 63413507
|c 20230314
|g RCR
|
| 856 |
4 |
|
|u http://www.lib.tpu.ru/fulltext/c/2013/C11/V2/044.pdf
|
| 942 |
|
|
|c CF
|